Medium-term plan for the period 1998-2001 : (Record no. 252019)
[ view plain ]
| 000 -LEADER | |
|---|---|
| fixed length control field | 00646nam a22001817a 4500 |
| 003 - CONTROL NUMBER IDENTIFIER | |
| control field | BD-DhUL |
| 005 - DATE AND TIME OF LATEST TRANSACTION | |
| control field | 20200310151938.0 |
| 008 - FIXED-LENGTH DATA ELEMENTS--GENERAL INFORMATION | |
| fixed length control field | 840206s1997 nyu 000 0 eng d |
| 040 ## - CATALOGING SOURCE | |
| Original cataloging agency | BD-DhUL |
| Transcribing agency | BD-DhUL |
| 082 ## - DEWEY DECIMAL CLASSIFICATION NUMBER | |
| Classification number | 341.13 |
| Item number | UNM |
| 110 2# - MAIN ENTRY--CORPORATE NAME | |
| Corporate name or jurisdiction name as entry element | United Nations |
| 245 10 - TITLE STATEMENT | |
| Title | Medium-term plan for the period 1998-2001 : |
| Remainder of title | as revised by the General Assembly at its fifty-first session / |
| Statement of responsibility, etc. | United Nations. |
| 260 ## - PUBLICATION, DISTRIBUTION, ETC. (IMPRINT) | |
| Place of publication, distribution, etc. | New York : |
| Name of publisher, distributor, etc. | United Nations, |
| Date of publication, distribution, etc. | 1997. |
| 300 ## - PHYSICAL DESCRIPTION | |
| Extent | xii , 204 p. ; |
| Dimensions | 29 cm. |
| 505 ## - FORMATTED CONTENTS NOTE | |
| Formatted contents note | General Assembly Official Records, fifty-first session supplement no. 6 (A/51/6/Rev.1). |
| 650 #4 - SUBJECT ADDED ENTRY--TOPICAL TERM | |
| Topical term or geographic name as entry element | United Nations. |
| 942 ## - ADDED ENTRY ELEMENTS (KOHA) | |
| Source of classification or shelving scheme | |
| Koha item type | Books |
| Price effective from | Date last seen | Permanent Location | Not for loan | Date acquired | Source of classification or shelving scheme | Koha item type | Lost status | Withdrawn status | Copy number | Source of acquisition | Collection code | Damaged status | Shelving location | Barcode | Current Location | Full call number |
|---|---|---|---|---|---|---|---|---|---|---|---|---|---|---|---|---|
| 2020-03-10 | 2020-03-10 | Dhaka University Library | Not For Loan | 2020-03-10 | Books | 1 | Gift | Non Fiction | UN Collection | D20526 | Dhaka University Library | 341.13 UNM |
